Film français : L'aile ou la cuisse - Statistiques

Statistiques générales
  • Ce quiz a été pris 107 fois
  • Le résultat moyen est 10 sur 20
Statistiques - réponses
Questions Réponses % Correct
Acteur incarnant le personnage de Charles Duchemin Louis de Funès
100%
Acteur incarnant le personnage de Gérard Duchemin Coluche
99%
Activité principale de Gérard Duchemin qu'il tente de cacher à son père. Clown
79%
Année de sortie du film. 1976
73%
Animateur de télévision qui joue son propre rôle. Philippe Bouvard
58%
Malaise dont souffre Charles Duchemin après avoir ingéré en grande quantité de la nourriture de piètre qualité dans un hôtel-restaurant qui travaille avec Tricatel. Malaise qui se trouve être l'un des premiers symptômes de la maladie de coronavirus. L'agueusie
55%
Malaise qu'avait subi à deux reprises le précédent un avant "L'aile ou la cuisse", film pour lequel il marqua son grand retour. Un infarctus
54%
Compositeur de la bande originale du film. Vladimir Cosma
52%
Institution à laquelle Charles Duchemin vient tout juste d'être élu. L'Académie française
51%
Réalisateur, scénariste et dialoguiste du film Claude Zidi
45%
Boisson que voudrait avant toute chose Charles Duchemin déguisé en vieille dame, au restaurant "La Coquille d'Or". De l'eau minérale
42%
Complétez cette réplique : "C'est absolument infecte tous les jours, sauf le dimanche, jour de _______" Fermeture
42%
Acteur incarnant le personnage de l'industriel Tricatel, "l'empereur de la cuisine industrielle, le Napoléon du prêt-à-manger". Julien Guiomar
42%
Acteur ayant décliné le rôle de Gérard Duchemin et choisi de tourner "On aura tout vu" à la place. Pierre Richard
38%
Vin que Tricatel fait tester aux Duchemin père et fils durant l'émission. Saint-Julien, Château Léoville, Las Cases (1953)
30%
Guide gastronomique fondé en 1972 qui inspira le réalisateur pour le "Guide Duchemin". Gault et Millau
29%
Émission qu'anime le précédent dans le film. Tous les coups sont permis !
29%
Industriel français qui a lancé la première enseigne de restauration rapide de hamburgers, les premiers restoroutes repris ensuite par la chaîne L'Arche et les premiers tickets-restaurants. Le personnage de Tricatel est inspiré de lui. Jacques Borrel
24%
Acteur qui joue le rôle du médecin qui soigne Charles Duchemin énergiquement et qui par ailleurs tient le rôle de Sullivan dans "Mon nom est personne". Jean Martin
24%
Qualificatif qui fait référence au préfixe "a-" du terme précédent selon son étymologie grecque. Privatif
23%
Aucun quiz correspondant
Distribution des résultats
% des personnes avec chaque résultat
Percentile par nombre de réponses
Votre historique - résultats
Vous n’avez pas pris ce quiz